Temas sobre la formación profesional de la mujer /

Guardat en:
Dades bibliogràfiques
Autor principal: Ducci, María Angélica
Altres autors: Chang, Ligia
Format: Text
Publicat: San José: CEDAL
Etiquetes: Afegir etiqueta
Sense etiquetes, Sigues el primer a etiquetar aquest registre!

MARC

LEADER 00000 a a2200000 04500
001 25052
003
040
090 |a 179100  
100 |a Ducci, María Angélica  
245 |a Temas sobre la formación profesional de la mujer /  |c María Angélica Ducci 
260 |a San José:   |b CEDAL  
300 |a 105 p.   |b **no definido**  
700 |a Chang, Ligia  
999 |c 14002  |d 14002